Statistiken für Torschützenliste der Fußball-Bundesliga 2021-2022

Klicken Sie hier um das Quiz zu spielen!

Allgemein

  • Dieses Quiz wurde 103 mal gespielt
  • Das Durchschnittsergebnis liegt bei 8 aus 10

Antwortstatistiken

ToreNationalitätVereinSpieler% Korrekt
22NorwegenBorussia Dortmund Erling Haaland
100%
35PolenFC Bayern München Robert Lewandowski
98%
24TschechienBayer 04 Leverkusen Patrik Schick
95%
20Frankreich1. FC Köln Anthony Modeste
91%
14DeutschlandFC Bayern München Serge Gnabry
87%
20FrankreichRB LeipzigChristopher Nkunku
86%
13FrankreichBayer 04 Leverkusen Moussa Diaby
69%
12DeutschlandBorussia Mönchengladbach Jonas Hofmann
47%
15Nigeria1. FC Union Berlin Taiwo Awoniyi
45%
12DeutschlandVfL Wolfsburg⁠Max Kruse
35%

Verteilung der Resultate

Perzentil nach korrekt beantworteten Fragen

Anzahl Personen mit jedem Resultat

Ihre Resultats-Entwicklung

Sie haben dieses Quiz noch nicht gespielt